| 000 | 00726nam a22002417a 4500 | ||
|---|---|---|---|
| 005 | 20100812134217.0 | ||
| 010 | _aENG-99837 | ||
| 020 |
_a9789380406183 _c90.00 |
||
| 035 | _aEN-83369 | ||
| 037 | _bDBAD/PUB | ||
| 082 | _a485 | ||
| 100 |
_aKannadhasan, M. _912277 |
||
| 245 |
_aGrammer with out tearf / _c by M. Kannadhasan |
||
| 260 |
_aErode _bPallavi Publications _c2009 |
||
| 270 |
_bErode _a194,Kanna Complex,Mettur Road _e11 |
||
| 300 |
_a110p. _c23cm (pbk) |
||
| 650 |
_aEnglish Grammer _912278 |
||
| 700 | _910603 | ||
| 700 | _911537 | ||
| 700 | _910604 | ||
| 942 |
_2ddc _cEN _h485 _mKAN |
||
| 999 |
_c41335 _d41335 |
||